Statistiques concernant Wakfu - Personnages: les Douze dieux

Cliquez ici pour prendre le quiz!

Statistiques générales

  • Ce quiz a été pris 76 fois
  • Le résultat moyen est 10 sur 12

Statistiques - réponses

Réponse% Correct
Iop
100%
Enutrof
93%
Sadida
93%
Xélor
93%
Crâ
92%
Ecaflip
90%
Pandawa
86%
Osamodas
83%
Sacrieur
81%
Eniripsa
76%
Sram
73%
Féca
71%

Distribution des résultats

Percentile par nombre de réponses

% des personnes avec chaque résultat

Votre développement - résultats

Vous n’avez pas pris ce quiz